| 000 | 00668nam a2200205Ia 4500 | ||
|---|---|---|---|
| 008 | 240729s9999 xx 000 0 und d | ||
| 022 | _a2640-4567 | ||
| 245 | 0 | _aAdvanced Intelligent Systems | |
| 260 | _aGermany | ||
| 260 | _bWiley | ||
| 650 | _a Computer engineering. Computer hardware | Technology | ||
| 650 | _a Control engineering systems. Automatic machinery (General) | ||
| 650 | _a Electrical engineering. Electronics. Nuclear engineering | ||
| 650 | _a Electronics | ||
| 650 | _a Mechanical engineering and machinery | ||
| 650 | _aTechnology | ||
| 856 | _uhttps://doaj.org/toc/de6aa33e52a5404a9b5a48fbbdf92bcf | ||
| 942 | _2ddc | ||
| 942 | _cDOAJEJ | ||
| 999 |
_c72582 _d72582 |
||
| 945 |
_a1 _bMadushi Gamage _c1 _dMadushi Gamage |
||